|
|
|
|
| LEADER |
00803nam a22001817a 4500 |
| 008 |
180514b xxu||||| |||| 00| 0 eng d |
| 999 |
|
|
|c 22963
|d 22963
|
| 082 |
|
|
|a 894.109
|b BAS
|
| 100 |
|
|
|a ബഷീര്, എം. എം.
|
| 245 |
|
|
|a അന്വേഷണം /
|c എം. എം. ബഷീര്
|
| 250 |
|
|
|a 1st ed.
|
| 260 |
|
|
|a കോഴിക്കോട് :
|c 1994.
|
| 300 |
|
|
|a 101p.
|
| 650 |
|
|
|a Literary criticism
|
| 700 |
|
|
|a Basheer, M. M.
|
| 942 |
|
|
|2 ddc
|c BK
|
| 952 |
|
|
|0 0
|1 0
|2 ddc
|4 0
|6 U_894_109000000000000_BAS
|7 1
|9 31635
|a MAIN
|b MAIN
|d 2018-05-14
|e Gift
|g 26.00
|o U 894.109 BAS
|p 26322
|r 2018-05-14
|t 1
|w 2018-05-14
|y BK
|
| 952 |
|
|
|0 0
|1 0
|2 ddc
|4 0
|5 1
|6 W_894_109000000000000_BAS
|7 0
|9 34635
|a MAIN
|b MAIN
|d 2018-12-26
|e Gift (Prof. Raghava warrier)
|g 26.00
|o W 894.109 BAS
|p 32393
|r 2018-12-26
|t 2
|w 2018-12-26
|y REF
|